• 首页
  • 本馆介绍
  • 公告通知
  • 最新文献
  • 馆藏检索
  • 电子资源
  • 读者导购
  • 参考咨询
  • 我的图书馆
  • 登录
  • 详细信息显示
  • 放入我的书架
  • 预约/预借图书
  • 作者相关作品
  • 分类相关作品
  • 丛书相关作品
  • 出版社相关作品

书目信息

  • 表格格式
  • 工作单格式
  • 卡片格式
题名:
奢侈与资本主义
    
 
作者: 桑巴特 著 ;王燕平 , 侯小河 译
分册:  
出版信息: 上海   上海人民出版社  2005
页数: 271页
开本: 19cm
丛书名: 世纪人文系列丛书
单 册:
中图分类: F036.3
科图分类:
主题词: 资本主义社会--消费--研究 , 资本主义积累的一般规律--研究
电子资源:
ISBN: 978-7-208-05436-3
000 01134oam2 2200301 450
001 1260717796
005 20121003165232.57
010    @a978-7-208-05436-3@dCNY18.00
100    @a20081208e20072005em y0chiy0110 ea
101 1  @achi@cger
102    @aCN@b310000
105    @ay z 000yy
200 1  @a奢侈与资本主义@AShe Chi Yu Zi Ben Zhu Yi@f(德)维尔纳·桑巴特著@F( De ) Wei Er Na· Sang Ba Te Zhu@g王燕平,侯小河译
210    @a上海@c上海人民出版社@d2005@h2007重印
215    @a271页@d19cm
225 2  @a世纪人文系列丛书@e2005@h三@i袖珍经典
312    @a德文原名:Luxus und Kapitatismus
330    @a本书分为“新社会”、“城市”、“爱情的世俗化”、“奢侈的发展”、“资本主义——奢侈的产物”五章,内容有:中产阶级的财富、奢侈的定义和性质、奢侈与贸易、奢侈与农业等。
461  0 @12001 @a世纪人文系列丛书
462  0 @12001 @a袖珍经典
606 0  @a资本主义社会@x消费@x研究
606 0  @a资本主义积累的一般规律@x研究
690    @aF036.3@v4
701  1 @a桑巴特@ASang Ba Te@b维尔纳@4著
702  0 @a王燕平@AWang Yan Ping@4译
702  0 @a侯小河@AHou Xiao He@4译
801  0 @aCN@bZSL@c20110216
905    @a10447@dF036.3@eJY122
    
    奢侈与资本主义/(德)维尔纳·桑巴特著/王燕平,侯小河译.-上海:上海人民出版社,2005(2007重印)
    271页;19cm.-(世纪人文系列丛书:2005.三.袖珍经典)
    
    
    ISBN 978-7-208-05436-3:CNY18.00
    本书分为“新社会”、“城市”、“爱情的世俗化”、“奢侈的发展”、“资本主义——奢侈的产物”五章,内容有:中产阶级的财富、奢侈的定义和性质、奢侈与贸易、奢侈与农业等。
●
相关链接 在E读中查询图书 在五车中查询图书 在当当中查询图书 在豆瓣中查询图书


正题名:奢侈与资本主义     索取号:F036.3/JY122         预约/预借

序号 登录号 条形码 馆藏地/架位号 状态 备注
1 7813360   278133609   学院路分馆/ [索取号:F036.3/JY122] 在馆    
2 7813361   278133618   学院路分馆/ [索取号:F036.3/JY122] 在馆    
唐山师范学院图书馆 欢迎您!
大连网信软件有限公司© 版权所有